000 01227nac a22003011ic4500
003 EG-ScBUE
005 20250529090841.0
008 250312s2005 ii a f 001 0 eng d
020 _a817008836
020 _a9788170088837
040 _aEG-ScBUE
_beng
_erda
_cEG-ScBUE
_dEG-ScBUE
082 0 4 _a526.9
_bPUN
_222
100 1 _aPunmia, B. C.,
_eauthor.
245 1 0 _aSurveying.
_nvolume 2 /
_cDr. B. C. Punmia, B.E. (Hons.), M.E. (Hons.), Ph.D., formerly professor and head, Dept. of Civil Engineering, & Dean, Faculty of Engineering, M.B.M. Engineering College, Jodhpur, Ashok Kumar Jain, consulting engineer, Arihant consultants, Mumbai, Arun Kumar Jain, Assistant professor M.B.M. Engineering College, Jodhpur, Raja
250 _aFifteenth edition.
264 1 _aDaryaganj, New Delhi :
_bLaxmi Publications (P.) Ltd.,
_c2005.
300 _a658 pages :
_billustrations ;
_c24 cm
336 _2rdacontent
_atext
_btxt
337 _aunmediated
_2rdamedia
_bn
338 _avolume
_bnc
_2rdacarrier
500 _aIncludes index.
500 _aIncludes appendix.
650 7 _aSurveying.
_2BUEsh
655 _vReading book
700 1 _aJain, Arun Kumar,
_eauthor.
700 1 _aJain, Ashok Kumar,
_eauthor.
942 _cBB
_2ddc
999 _c9738
_d9738